00841 2200301 4500001002100000005001500021035002000036007000300056040001700059100002800076245006000104250001000164300003100174020001800205041000800223090002100231264004500252336002100297337003000318338002300348500003200371650002200403850001000425008004100435990002100476990002100497990002100518INLIS00000000000892720260513015755 a0010-1022000302ta aSBPUPADbind0 aIsmed Hasan;ePengarang1 aIndonesia Memasuki Millenium Tiga /cIsmed Hasan Putro; acet.1 a419 hlm. :bilus. ;c23 cm a979-95415-0-6 aind a959.8 ISM i 25-2 aSurabaya :bPusat Studi Indonesia,c1998 2rdacontentateks 2rdamediaatanpa perantara 2rdacarrieravolume aProfile Penulis,417-419 hlm 4aSejarah Indonesia aPUPAD260513 0  a00663/Arpus/2005 a00663/Arpus 2005 a00663/Arpus/2005